00523cam a2200133 4500008004100000020001500041035001200056050002200068245017900090260005000269300002100319500002000340650002900360030219s1985 sp 000 0 spa u a843031170X aa428524 aPC4460 bD84 1985 aDudas del idioma inter 2000 : diccionario de dudas y dificultades del idioma. 15.000 palabras de uso incorrecto, verbos: irregularidades, temas gramaticales y ortográficos. aBarcelona, España :bRamón Sopena, c1985 a616 p. ;c20 cm. aRec. Prop. Esc.1 aDiccionarios - Español